| 000 | 01067nam0a22002891 4500 | ||
|---|---|---|---|
| 001 | rc\2296782 | ||
| 005 | 20250623072756.0 | ||
| 035 | _a(NLR Aleph) 006666674 | ||
| 090 |
_a4949178 _c4949178 |
||
| 100 | _a20110829d1977 |||y0rusy50 ca | ||
| 101 | 0 | _arus | |
| 102 | _aRU | ||
| 105 | _aa z ||||| | ||
| 200 | 1 |
_aПерегруженный ковчег _aГончие Бафута _e[Пер. с англ.] _fДж. Даррелл _g[Послесл. д-ра биол. наук В.Е. Флинта] |
|
| 210 |
_aМосква _cМысль _d1977 |
||
| 215 |
_a350 с. _cил. _d21 |
||
| 225 | 1 | _aРассказы о природе | |
| 300 | _aПеревод изд.: The overloaded ark/ Gerald Durrell (London, 1953); The Bafut beagles Gerald Durrell (London, 1958) | ||
| 606 |
_aЖивотные _yКамерун _2rkp |
||
| 700 | 1 |
_aДаррел _bД. _f1925-1995 _gДжеральд |
|
| 801 | 0 |
_aRU _bNLR _gpsbo |
|
| 801 | 1 |
_aRU _bELAR _2rusmarc |
|
| 852 |
_aNLR _j77-3/9238 |
||
| 899 |
_aRuMoRGB _jБ 77-26/96 |
||
| 899 |
_aRuMoRGB _jБ 77-26/97 |
||
| 942 | _cBOOK | ||
| 980 | _aNB | ||